| 000 | 00851nam a2200289 a 4500 | ||
|---|---|---|---|
| 001 | 000110145 | ||
| 003 | CHAP | ||
| 005 | 20220329144120.0 | ||
| 008 | 140725s2013 it |r| ||||||fre d | ||
| 010 | _a106607 | ||
| 011 | _a107579 | ||
| 020 | _a9789252078005 | ||
| 040 | _cCHAP | ||
| 082 | 0 | 4 |
_a639.2 _bF46f v.1046 |
| 245 | 1 | 0 |
_aRapport de la consultation technique sur la conduite de l'état du pavillon; Rome, 2-6 mai 2012 et 4-8 février 2013 / _cpor FAO. |
| 260 |
_aRoma : _bFAO, _c2013. |
||
| 300 | _av, 46 p. | ||
| 490 | 1 |
_aFAO. Informe de pesca y acuicultura _v; 1046 |
|
| 590 |
_aE5995AHE _b05 _c20140725 _lUCH01 _h1433 |
||
| 650 | 1 | 4 |
_aAcuicultura _9758 |
| 650 | 1 | 4 |
_aBarcos. _910156 |
| 650 | 1 | 4 |
_aFinanzas. _940930 |
| 830 | 1 | 0 |
_aFAO. Informe de pesca y acuicultura _v; 1046 _939588 |
| 901 | _aBK | ||
| 942 | _cLIBRO | ||
| 942 | _n0 | ||
| 999 |
_c106607 _d106607 |
||